书目信息 |
| 题名: |
从资源到产业的文化创意
|
|
| 作者: | 黄永林 著 | |
| 分册: | ||
| 出版信息: | 武汉 华中师范大学出版社 2012.03 |
|
| 页数: | 316页 | |
| 开本: | 24cm | |
| 丛书名: | ||
| 单 册: | ||
| 中图分类: | G124 | |
| 科图分类: | ||
| 主题词: | 文化产业--产业发展--研究--中国 , 文化产业 , 产业发展 | |
| 电子资源: | ||
| ISBN: | 978-7-5622-5386-0 | |
| 000 | 01425oam2 2200289 450 | |
| 001 | 010700127353 | |
| 005 | 20130704153500.26 | |
| 010 | @a978-7-5622-5386-0@dCNY58.00 | |
| 100 | @a20120510d2012 em y0chiy0110 ea | |
| 101 | 0 | @achi |
| 102 | @aCN@b420000 | |
| 105 | @aa z 000yy | |
| 106 | @ar | |
| 200 | 1 | @a从资源到产业的文化创意@9cong zi yuan dao chan ye de wen hua chuang yi@e中国文化产业发展现状评述@f黄永林著 |
| 210 | @a武汉@c华中师范大学出版社@d2012.03 | |
| 215 | @a316页@c图@d24cm | |
| 300 | @a“文化:资源与产业”文库 中华文化与产业系列/黄永林总主编 | |
| 300 | @a国家“211工程”三期“中华民族文化保护、创意与数字化工程”项目资助 | |
| 330 | @a本书分为理论探讨篇和实践分析篇。理论探讨篇探讨了当代中国文化产业兴起的背景、文化及文化产业特征、文化产业园区的主要功能和发展对策,以及文化产业人才队伍建设的重要意义、培养体系、流动机制和管理制度创新等问题;实践分析篇从出版发行产业、广播影视产业、表演艺术产业、网络文化产业、动漫游戏产业、文化休闲娱乐产业、艺术品拍卖产业七个方面展开研究,分别研究了这些产业的基本特点、发展状况、发展机遇与问题、发展路径与规划,以及发展创新与对策等。 | |
| 517 | 1 | @a中国文化产业发展现状评述@9zhong guo wen hua chan ye fa zhan xian zhuang ping shu |
| 606 | 0 | @a文化产业@x产业发展@x研究@y中国 |
| 606 | 0 | @a文化产业 |
| 606 | 0 | @a产业发展 |
| 690 | @aG124@v5 | |
| 701 | 0 | @a黄永林@9huang yong lin@f(1958~)@4著 |
| 801 | 0 | @aCN@bNLC@c20120720 |
| 905 | @b547372-75@dG124@e126@f4 | |
| 从资源到产业的文化创意:中国文化产业发展现状评述/黄永林著.-武汉:华中师范大学出版社,2012.03 |
| 316页:图;24cm |
| “文化:资源与产业”文库 中华文化与产业系列/黄永林总主编.-国家“211工程”三期“中华民族文化保护、创意与数字化工程”项目资助 |
| ISBN 978-7-5622-5386-0:CNY58.00 |
| 本书分为理论探讨篇和实践分析篇。理论探讨篇探讨了当代中国文化产业兴起的背景、文化及文化产业特征、文化产业园区的主要功能和发展对策,以及文化产业人才队伍建设的重要意义、培养体系、流动机制和管理制度创新等问题;实践分析篇从出版发行产业、广播影视产业、表演艺术产业、网络文化产业、动漫游戏产业、文化休闲娱乐产业、艺术品拍卖产业七个方面展开研究,分别研究了这些产业的基本特点、发展状况、发展机遇与问题、发展路径与规划,以及发展创新与对策等。 |
| ● |
| 相关链接 |
|
|
|
|
正题名:从资源到产业的文化创意
索取号:G124/126
 
预约/预借
| 序号 | 登录号 | 条形码 | 馆藏地/架位号 | 状态 | 备注 |
| 1 | 547372 | 205473726 | 第一样本阅览室/ [索取号:G124/126] | 在馆 | |
| 2 | 547373 | 205473735 | 第四借阅区/ [索取号:G124/126] | 在馆 | |
| 3 | 547374 | 205473744 | 第四借阅区/ [索取号:G124/126] | 在馆 | |
| 4 | 547375 | 205473753 | 第四借阅区/ [索取号:G124/126] | 在馆 |